| Tag |
First Indicator |
Second Indicator |
Subfields |
| LEADER |
00000cam a2200000 4500 |
| 001 |
in00003868821 |
| 005 |
20190415191517.0 |
| 006 |
m o d |
| 007 |
cr |n||||||||n |
| 008 |
790419s1772 enk|||| o 00||||eng c |
| 035 |
|
|
|a (CU-RivES)T34194
|
| 035 |
|
|
|a (Uk-ES)006233733
|
| 035 |
|
|
|a (OCoLC)508575155
|
| 040 |
|
|
|a Uk-ES
|c Uk-ES
|d CU-RivES
|d CStRLIN
|d Cengage Gale
|d UtOrBLW
|
| 100 |
1 |
|
|a Browne, William,
|d 1692-1774.
|
| 245 |
1 |
0 |
|a Corrections in verse, from the father of the college, on son Cadogan's gout-dissertation :
|b Containing false physic, false logic, false philosophy. By Sir William Browne.
|
| 264 |
|
3 |
|a London :
|b Printed, and sold, by J. Dodsley, Pall-Mall,
|c MDCCLXXII. [1772]
|
| 300 |
|
|
|a 1 online resource (10 pages)
|
| 336 |
|
|
|a text
|b txt
|2 rdacontent
|
| 337 |
|
|
|a computer
|b c
|2 rdamedia
|
| 338 |
|
|
|a online resource
|b cr
|2 rdacarrier
|
| 500 |
|
|
|a Price in square brackets: (Price Six Pence.)
|
| 510 |
4 |
|
|a English Short Title Catalog,
|c T34194.
|
| 500 |
|
|
|a Reproduction of original from British Library.
|
| 500 |
|
|
|a Electronic resource.
|
| 650 |
|
0 |
|a English poetry
|y 18th century.
|0 http://id.loc.gov/authorities/subjects/sh85043936
|
| 655 |
|
7 |
|a Electronic books.
|2 local
|
| 655 |
|
7 |
|a Poems.
|2 rbgenr
|
| 710 |
2 |
|
|a Gale (Firm)
|0 http://id.loc.gov/authorities/names/no2008071348
|
| 752 |
|
|
|a Great Britain
|b England
|d London.
|
| 856 |
4 |
0 |
|u http://proxy.library.tamu.edu/login?url=http://find.galegroup.com/ecco/infomark.do?contentSet=ECCOArticles&docType=ECCOArticles&bookId=1511702400&type=getFullCitation&tabID=T001&prodId=ECCO&docLevel=TEXT_GRAPHICS&version=1.0&source=library&userGroupName=txshracd2898
|z Connect to the full text of this electronic book
|t 0
|
| 999 |
f |
f |
|s 67d463d0-ecdf-3ea5-be06-6b0f9adce0db
|i de5484c7-8b2d-3938-9377-922e6eaacd20
|t 0
|
| 952 |
f |
f |
|a Texas A&M University
|b College Station
|c Electronic Resources
|d Available Online
|t 0
|h No information provided
|
| 998 |
f |
f |
|t 0
|l Available Online
|